Standardizace dat při budování informačních systémů v zemědělství.
Informačné systémy podľa obsahu a pôsobnosti (podnikové, rezortné, štátne, medzinárodné). Ekonomický význam štandardizácie dát. Problémy tvorby štandardov. Pracovný postup štandardizácie v poľnohospodárstve. Potreba budovania inform. systémov na princípe normalizovanej a štandardne používanej bázy d...
Gespeichert in:
| 1. Verfasser: | |
|---|---|
| Format: | Buchkapitel |
| Sprache: | Tschechisch |
| Schlagworte: | |
| Tags: |
Keine Tags, Fügen Sie das erste Tag hinzu!
|
MARC
| LEADER | 00000naa a2200000 4500 | ||
|---|---|---|---|
| 001 | r013244 | ||
| 005 | 20221205075451.5 | ||
| 041 | 0 | |a cze | |
| 044 | |a SK | ||
| 245 | 1 | 0 | |a Standardizace dat při budování informačních systémů v zemědělství. |c D. Brožková |
| 520 | |a Informačné systémy podľa obsahu a pôsobnosti (podnikové, rezortné, štátne, medzinárodné). Ekonomický význam štandardizácie dát. Problémy tvorby štandardov. Pracovný postup štandardizácie v poľnohospodárstve. Potreba budovania inform. systémov na princípe normalizovanej a štandardne používanej bázy dát. | ||
| 610 | 2 | 0 | |a systémy informačné |
| 610 | 2 | 0 | |a poľnohospodárstvo |
| 610 | 2 | 0 | |a dáta |
| 610 | 2 | 0 | |a štandardizácia |
| 100 | 1 | |a Brožková, D. | |